000 00377nam a2200169Ia 4500
100 _aRego/Atul John
650 _aPhilosophy
942 _cBK
366 _f25
654 _apersonality
245 _aHow to develop a Pleasing Personality
260 _bBetter Yourself Books
_aBandra
_c2000
082 _a170/REG
_bREG
300 _a144
546 _aENGLISH
999 _c31485
_d31485